Gründungsmitglieder der Bundesliga - Statistiken

Allgemein
  • Dieses Quiz wurde 393 mal gespielt
  • Das Durchschnittsergebnis liegt bei 12 aus 16
Antwortstatistiken
Mannschaft % Korrekt
Hamburger SV
94%
1. FC Köln
90%
Borussia Dortmund
89%
1. FC Nürnberg
86%
Werder Bremen
86%
1860 München
85%
FC Schalke 04
85%
VFB Stuttgart
83%
Hertha BSC
80%
1. FC Kaiserslautern
79%
Eintracht Frankfurt
79%
Eintracht Braunschweig
67%
Preußen Münster
64%
1. FC Saarbrücken
61%
Karlsruher SC
57%
Meidericher SV
27%
Keine übereinstimmenden Quizze gefunden
Verteilung der Resultate
Anzahl Personen mit jedem Resultat
Perzentil nach korrekt beantworteten Fragen
Ihre Resultats-Entwicklung
Sie haben dieses Quiz noch nicht gespielt